Denver Nuggets 2024-2025 Roster - Statistics

General Stats
  • This quiz has been taken 145 times
  • The average score is 11 of 18
Answer Stats
Jersey # Answer % Correct
15 Nikola Jokic
99%
27 Jamal Murray
96%
1 Michael Porter Jr
94%
4 Russell Westbrook
90%
0 Christian Braun
89%
31 Aaron Gordon
88%
8 Peyton Watson
73%
6 Deandre Jordan
71%
3 Julian Strawther
63%
5 Hunter Tyson
50%
31 Vlatko Cancar
48%
22 Zeke Nnaji
48%
9 Dario Saric
45%
24 Jalen Pickett
45%
14 Daron Holmes
35%
13 PJ Hall
27%
23 Trey Alexander
26%
21 Spencer Jones
24%
No matching quizzes found
Score Distribution
Percent of People with Each Score
Percentile by Number Answered
Your Score History
You have not taken this quiz